000 00356nam a2200133Ia 4500
008 231129s2012||||xx |||||||||||||| ||spa||
020 _a978-958-97532-9-3
082 _aGOR- 109
100 _aGonzález Salazar Alan
245 0 _aAnónimos
260 _c2012
264 _aMedellí­n: Marticolor 2012
942 _2ddc
_cBKS
999 _c5203
_d5203